Movies Quiz

Random Movies or Quote Quiz

Movie Quote Mashup Quiz Stats

 Plays Quiz Updated Feb 20, 2019

Score 0/37 Timer 07:00
4 Plays Today
Quote......Movie Title Replaced Word(s) % Correct
I'm king of the Titanic!world
98.5%
Houston, we have Apollo 13.a problem
91.6%
Say 'hello' to my little Scarface!friend
91.5%
You're gonna need a bigger Jaws.boat
90.4%
A martini. Shaken, not Goldfinger.stirred
87.8%
Mama says, 'Stupid is as Forrest Gump.'stupid does
85.7%
I love the smell of napalm in Apocalypse Now.the morning
85.6%
Show me Jerry Maguire!the money
84.9%
Keep your friends close, The Godfather: Part II.but your enemies closer
84.7%
Nobody puts Baby in Dirty Dancing.the corner
77.3%
A boy's best friend is his Psycho.mother
74.7%
Ray, next time someone asks you if you’re a god, you say Ghostbusters!YES
73.8%
I'm kind of a big Anchorman.deal
73.8%
I'll get you my pretty, and The Wizard of Oz!your little dog, too
72.6%
They may take away our lives, but they'll never take... OUR BRAAAVEHEART!FREEEDOM
70.6%
I am your number one Misery.fan
69.4%
Are you crying? A League of Their Own!There's no crying in baseball
64.4%
Get busy living, or The Shawshank Redemption.get busy dying
64.2%
Yo, Rocky!Adrian
63.7%
Quote......Movie Title Replaced Word(s) % Correct
Luca Brasi sleeps with The Godfather.the fishes
62.6%
All right, Mr. DeMille, I'm ready for Sunset Blvd.my close-up
58%
The greatest trick the Devil ever pulled was convincing the world The Usual Suspects.he didn't exist
53.6%
What we've got here is Cool Hand Luke.failure to communicate
52.7%
Do or do not. The Empire Strikes Back.There is no try
50.1%
That's what I love about these high school girls, man. I keep getting older, they stay Dazed and Confused.the same age
49.7%
We'll always have Casablanca.Paris
48.1%
I could've been somebody, instead of a bum, which is On The Waterfront.what I am
46.5%
My mother thanks you. My father thanks you. My sister thanks you. And Yankee Doodle Dandy.I thank you
45.4%
Life moves pretty fast. If you don't stop and look around once in a while, Ferris Bueller's Day Offyou could miss it
40.2%
I have always depended on A Streetcar Named Desire.the kindness of strangers
35.8%
I won't deny my own personal desire to turn each sin against the Se7en.sinner
31.9%
I can't believe I gave my panties to Sixteen Candles.a geek
22.9%
Oh, Jerry, don't let's ask for the moon. We have Now, Voyager.the stars
21.4%
Fasten your seatbelts. It's going to be All About Eve.a bumpy night
20.2%
My husband and I fell in love at first sight... maybe I should have taken Crimes and Misdemeanors.a second look
19.6%
My life is as good as an Abba song. It’s as good as Muriel's Wedding.Dancing Queen
19%
Wait a minute, wait a minute. You ain't The Jazz Singer!heard nothin' yet
5.6%

You're not logged in!

Compare scores with friends on all Sporcle quizzes.
OR
Log In

Sporcle TV

Today on Sporcle TV


Watch our educational content, quiz creation guides, and fun videos on Sporcle TV.

Show Comments

Extras

Top Quizzes Today


Score Distribution

Your Account Isn't Verified!

In order to create a playlist on Sporcle, you need to verify the email address you used during registration. Go to your Sporcle Settings to finish the process.

Report this User

Report this user for behavior that violates our Community Guidelines.

Details: